Lataa...

Vyasa and Valmiki

Bibliografiset tiedot
Päätekijä: Sri Aurobindo
Aineistotyyppi: Printed Book
Julkaistu: Pondicherry; Sri Aurobindo Ashram; 1956
Painos:1st
Aiheet:
LEADER 00449nam a22001457a 4500
082 |a CL#  |b AUR/V J6 
100 |a Sri Aurobindo  |9 181078 
245 |a Vyasa and Valmiki 
250 |a 1st 
260 |a Pondicherry;  |b Sri Aurobindo Ashram;  |c 1956 
300 |a 202p. 
650 |a English;  |9 181079 
942 |c BK 
999 |c 65309  |d 65309 
952 |0 0  |1 0  |4 0  |6 CL__AUR_V_J6  |7 0  |8 Eng  |9 77965  |a MAL  |b MAL  |d 2016-10-15  |e 1209  |l 0  |o CL# AUR/V J6  |p MAL001209  |r 2016-10-15  |t 1  |w 2016-10-15  |y BK